كريستوفر كولومبس : قصة حياة رائد ملاح و مستكشف / (رقم التسجيلة. 107160)

تفاصيل مارك
000 -LEADER
fixed length control field 00761nam a22002297a 4500
005 - DATE AND TIME OF LATEST TRANSACTION
control field 20251108173555.0
008 - FIXED-LENGTH DATA ELEMENTS--GENERAL INFORMATION
fixed length control field 250721s2005 xx 000 0 ara d
082 14 - DEWEY DECIMAL CLASSIFICATION NUMBER
Classification number ط/923.9/وست
100 1# - MAIN ENTRY--PERSONAL NAME
Personal name وست، دايفيد
Relator term مؤلف
245 10 - TITLE STATEMENT
Title كريستوفر كولومبس : قصة حياة رائد ملاح و مستكشف /
246 11 - VARYING FORM OF TITLE
Title proper/short title christopher columbus
264 1# - PRODUCTION, PUBLICATION, DISTRIBUTION, MANUFACTURE, AND COPYRIGHT NOTICE
Place of production, publication, distribution, manufacture القاهره :
Name of producer, publisher, distributor, manufacturer دار الفاروق،
Date of production, publication, distribution, manufacture, or copyright notice 2005.
300 ## - PHYSICAL DESCRIPTION
Extent 47ص.
490 0# - SERIES STATEMENT
Series statement سلسلة المشاهير العالمية
650 17 - SUBJECT ADDED ENTRY--TOPICAL TERM
Topical term or geographic name as entry element التراجم
650 17 - SUBJECT ADDED ENTRY--TOPICAL TERM
Topical term or geographic name as entry element المستكشفون
653 ## - INDEX TERM--UNCONTROLLED
Uncontrolled term ناشئون كبار 15-18 سنة
700 1# - ADDED ENTRY--PERSONAL NAME
Personal name جاف، جاكي
Relator term مؤلف
700 1# - ADDED ENTRY--PERSONAL NAME
Personal name واتن، روس
Relator term رسام
942 ## - ADDED ENTRY ELEMENTS (KOHA)
Source of classification or shelving scheme Dewey Decimal Classification
Koha item type كتب
المقتنيات
حالة السحب حالة الفقدان مصدر التصنيف حالة التلف غير قابل للإعارة المكتبة الرئيسية المكتبة الحالية موقع الرف تاريخ التزويد الرقم المتسلسل Total Checkouts رقم الإستدعاء الباركود تاريخ آخر ظهور تاريخ الفاتورة نوع المادة (كوها)
    Dewey Decimal Classification     المكتبة المركزية المكتبة المركزية الأطفال 28/07/2025 1101499   ط/923.9/وست 1101499 28/07/2025 28/07/2025 كتب
    Dewey Decimal Classification     مكتبة أم المؤمنين للأطفال مكتبة أم المؤمنين للأطفال الأطفال 28/07/2025 1101502   ط/923.9/وست 1101502 28/07/2025 28/07/2025 كتب
    Dewey Decimal Classification     مكتبة مرج الحمام مكتبة مرج الحمام الأطفال 28/07/2025 1138365   ط/923.9/وست 1138365 28/07/2025 28/07/2025 كتب
Implemented & Customized by: BBB with SCIT (Smart Chains for Information Technology)

Powered by Koha